Curbing the risks of internet use at work. (Record no. 60800)

MARC details
000 -LEADER
fixed length control field 00555cam a2200169 4500
001 - CONTROL NUMBER
control field ABS61112
008 - FIXED-LENGTH DATA ELEMENTS--GENERAL INFORMATION
fixed length control field 000000n1999 000 0 eng u
035 ## - SYSTEM CONTROL NUMBER
System control number (Sirsi) u101674
100 ## - MAIN ENTRY--PERSONAL NAME
Personal name Payton, S.
245 ## - TITLE STATEMENT
Title Curbing the risks of internet use at work.
260 ## - PUBLICATION, DISTRIBUTION, ETC.
Date of publication, distribution, etc. 1999
490 ## - SERIES STATEMENT
Series statement Net Profit
Volume/sequential designation (32) August 1999, 9(1)
520 ## - SUMMARY, ETC.
Summary, etc. Discusses the implications for companies of staff internet use and outlines the problems which may occur.
650 ## - SUBJECT ADDED ENTRY--TOPICAL TERM
Topical term or geographic name entry element INTERNET
690 ## - LOCAL SUBJECT ADDED ENTRY--TOPICAL TERM (OCLC, RLIN)
Topical term or geographic name as entry element MANAGEMENT-BUSINESS MANAGEMENT-INFORMATION MANAGEMENT
942 ## - ADDED ENTRY ELEMENTS (KOHA)
Suppress in OPAC 0
Holdings
Withdrawn status Lost status Source of classification or shelving scheme Damaged status Not for loan Home library Current library Shelving location Date acquired Total Checkouts Full call number Barcode Date last seen Copy number Price effective from Koha item type
    Dewey Decimal Classification     London London Journal article 09/11/1999   ABS61112 101674-1001 06/08/2019 1 06/08/2019 Journal article